Database Systems for Management

Enregistré dans:
Détails bibliographiques
Auteur principal: Courtney, James F.
Autres auteurs: Paradice, David B.
Format: Livre
Langue:anglais
Publié: St. Louis Times Mirror/Mosby College Publ. 1988
Édition:1. ed.
Sujets:
Tags: Ajouter un tag
Pas de tags, Soyez le premier à ajouter un tag!

MARC

LEADER 00000nam a2200000 4500
001 c004792
005 20221206134144.4
020 |a 0-8016-1180-6 
041 0 |a eng 
044 |a US 
245 1 0 |a Database Systems for Management  |c James F. Courtney, David B. Paradice 
250 |a 1. ed. 
264 1 |a St. Louis  |b Times Mirror/Mosby College Publ.  |c 1988 
300 |a 518 s. 
610 2 0 |a báza dát 
610 2 0 |a systémy databázové 
610 2 0 |a manažment 
610 2 0 |a riadenie 
610 2 0 |a systémy počítačové 
610 2 0 |a využitie počítačov 
610 2 0 |a modelovanie 
610 2 0 |a štruktúra dát 
610 2 0 |a jazyky programovacie 
610 2 0 |a DSS 
610 2 0 |a pamäť počítača 
610 2 0 |a systémy riadenia 
610 2 0 |a systémy informačné riadiace 
610 2 0 |a SRBD 
100 1 |a Courtney, James F. 
700 1 |a Paradice, David B.